|
|
|
|
| LEADER |
01434nam a2200289 a 4500 |
| 001 |
GR-Patra24495 |
| 008 |
080226s2006 ne g 000 0 eng d |
| 020 |
|
|
|a 9780240519661
|
| 040 |
|
|
|a GrPaTEI
|b gre
|c GR-PaULI
|
| 040 |
|
|
|a GrPaTEI
|b gre
|c GR-PaULI
|
| 082 |
|
0 |
|a 006.7869
|2 22
|
| 100 |
1 |
|
|a Michael, Alex
|
| 245 |
1 |
0 |
|a Animating with Flash 8 :
|b creative animation techniques /
|c Alex Michael.
|
| 260 |
|
|
|a Amsterdam :
|b Elsevier,
|c 2006
|
| 300 |
|
|
|a xxiii, 430σ. :
|b εικ. +
|e 1 cd-rom
|
| 500 |
|
|
|a Παράρτημα Πύργου. Τμήμα Πληροφορικής και μέσων μαζικής ενημέρωσης
|
| 500 |
|
|
|a Περιέχει 1 Cd-rom
|
| 500 |
|
|
|a Περιλαμβάνει ευρετήριο.
|
| 610 |
2 |
4 |
|a Παράρτημα Πύργου. Τμήμα Πληροφορικής & Μέσων Μαζικής Ενημέρωσης
|
| 650 |
|
0 |
|a Computer animation
|
| 650 |
|
0 |
|a Flash (computer file)
|
| 710 |
0 |
|
|a Elsevier
|
| 942 |
|
|
|2 ddc
|
| 952 |
|
|
|0 0
|1 0
|2 ddc
|4 0
|6 006_786900000000000_MIC
|7 0
|9 305423
|a LISK
|b LISK
|c BSC
|d 2021-01-17
|e 24
|f 1
|g 0.00
|l 0
|o 006.7869 MIC
|p 92410036729
|r 2021-01-17 00:00:00
|t 1
|w 2021-01-17
|y BK15
|x 20080226 0 1
|x GrPaTEI
|
| 952 |
|
|
|0 0
|1 0
|2 ddc
|4 0
|6 006_786900000000000_MIC
|7 1
|9 305424
|a LISK
|b LISK
|c BSC
|d 2021-01-17
|e 24
|f 0
|g 0.00
|l 0
|o 006.7869 MIC
|p 92410036728
|r 2021-01-17 00:00:00
|t 1
|w 2021-01-17
|y BKN
|x 20080226 0 0
|x GrPaTEI
|
| 971 |
|
|
|a .b2672067x
|b 15-04-20
|c 26-09-16
|
| 999 |
|
|
|c 176724
|d 176724
|